000 00212nam a22000857a 4500
008 170125b xxu||||| |||| 00| 0 eng d
100 _92576
_aBrunkus.D
245 _aJunie B First Drander
260 _aNew delhi
_bRH
_c2002
999 _c5702
_d5702